Land vs. Land #76 - Statistiken

Allgemein
  • Dieses Quiz wurde 20 mal gespielt
  • Das Durchschnittsergebnis liegt bei 11 aus 14
Antwortstatistiken
Frage Antwort % Korrekt
...Fläche? Tansania🇹🇿
100%
...Militär? Tansania🇹🇿
100%
...Exportmengen? Tansania🇹🇿
100%
...Frieden? Bahamas🇧🇸
94%
...Einwohner? Tansania🇹🇿
94%
...Bruttoinlandsprodukt? Tansania🇹🇿
89%
...Lebenserwartung? Bahamas🇧🇸
78%
...Tourismus? Bahamas🇧🇸
72%
...HDI (Human Development Index)? Bahamas🇧🇸
72%
...Gesundheitswesen? Bahamas🇧🇸
72%
...durchschnittlicher IQ? Bahamas🇧🇸
72%
...Bruttoinlandsprodukt pro Kopf? Bahamas🇧🇸
67%
...Gewinner? Bahamas🇧🇸
56%
...Happy Planet Index? Tansania🇹🇿
28%
Keine übereinstimmenden Quizze gefunden
Verteilung der Resultate
Anzahl Personen mit jedem Resultat
Perzentil nach korrekt beantworteten Fragen
Ihre Resultats-Entwicklung
Sie haben dieses Quiz noch nicht gespielt